000 00548cam a2200181 4500500
005 20260329002221.0
041 _afre
042 _adc
100 1 0 _aEltchaninoff, Michel
_eauthor
245 0 0 _aLes 7 familles du Caddie
260 _c2011.
500 _a48
690 _aAlimentation
690 _aCosmopolitisme
690 _aTranshumanisme
786 0 _nPhilosophie magazine | 50 | 6 | 2011-06-01 | p. 13-14 | 1951-1787
856 4 1 _uhttps://shs.cairn.info/magazine-philosophie-magazine-2011-6-page-13?lang=fr&redirect-ssocas=7080
999 _c1812831
_d1812831